<?xml version="1.0" encoding="UTF-8"?>
<collection xmlns="http://www.loc.gov/MARC21/slim">
 <record>
  <leader>03315nam a2200277 a 4500</leader>
  <controlfield tag="001">1/44790</controlfield>
  <controlfield tag="008">140701s1998    us            001 0 eng  </controlfield>
  <datafield tag="020" ind1=" " ind2=" ">
   <subfield code="a">9780750637688</subfield>
  </datafield>
  <datafield tag="020" ind1=" " ind2=" ">
   <subfield code="a">0750637684</subfield>
  </datafield>
  <datafield tag="035" ind1=" " ind2=" ">
   <subfield code="l">47744</subfield>
  </datafield>
  <datafield tag="040" ind1=" " ind2=" ">
   <subfield code="a">OPELS</subfield>
   <subfield code="b">eng</subfield>
   <subfield code="c">OPELS</subfield>
   <subfield code="d">OCLCQ</subfield>
   <subfield code="d">VLB</subfield>
   <subfield code="d">OCLCQ</subfield>
   <subfield code="d">OCLCF</subfield>
   <subfield code="d">GR-PeUP</subfield>
  </datafield>
  <datafield tag="100" ind1="1" ind2=" ">
   <subfield code="a">McMillan, Alan.</subfield>
  </datafield>
  <datafield tag="245" ind1="1" ind2="0">
   <subfield code="a">Electrical installations in hazardous areas</subfield>
   <subfield code="h">[electronic resource] /</subfield>
   <subfield code="c">Alan McMillan.</subfield>
  </datafield>
  <datafield tag="260" ind1=" " ind2=" ">
   <subfield code="a">Boston :</subfield>
   <subfield code="b">Butterworth-Heinemann,</subfield>
   <subfield code="c">1998.</subfield>
  </datafield>
  <datafield tag="300" ind1=" " ind2=" ">
   <subfield code="a">1 online resource (xviii, 649 p.) :</subfield>
   <subfield code="b">ill.</subfield>
  </datafield>
  <datafield tag="520" ind1=" " ind2=" ">
   <subfield code="a">The Health and Safety at Work Act, together with current and impending EU Directives, obliges those responsible for hazardous areas, those who work in such areas and those who supply equipment for use in such areas to demonstrate that they have taken all necessary and reasonable steps to prevent fires and explosions. This book addresses these issues, seeks to explain the ever increasing complexity of standards and codes pertaining to this field and describes their method of application and the application of other procedures to assist those involved. The only book which provides comprehensive cover of this vital area. Written by a leading Internationally recognised UK authority in this field.</subfield>
  </datafield>
  <datafield tag="505" ind1="0" ind2=" ">
   <subfield code="a">Introduction; Area classification; Area classification practice for gases, vapours and mists in freely ventilated situations; Calculation of release rates and the extents of hazardous areas; Area classification practice for gases, vapours and mists in areas which are not freely ventilated; Area classification practice for dusts; Design philosophy for electrical apparatus for explosive atmospheres; General requirements for explosion protected apparatus (gas, vapour and mist risks); Apparatus using protection concepts encapsulation 'm', oil immersion 'o' and powder filling 'q'; Apparatus using protection concept flameproof enclosure 'd'; Apparatus using protection concept pressurization 'p'; Apparatus using protection concept increased safety 'e'; Apparatus and systems using protection concept intrinsic safety 'i'; Apparatus using protection concept 'N' ('n'); Protection concepts for apparatus for dust risks; Other methods of protection and future apparatus requirements; Selection of power supply, apparatus and interconnecting cabling system for both gas/vapour/mist risks and dust risks; Installations in explosive atmospheres of gas, vapour, mist and dust; Installation of pressurized apparatus and other uses of the pressurization technique; Installation of intrinsically safe apparatus/associated apparatus and intrinsically safe systems 'i'; Documentation, inspection, test and maintenance of explosion protected apparatus, systems and installations; Radio frequency radiation and static electricity.</subfield>
  </datafield>
  <datafield tag="504" ind1=" " ind2=" ">
   <subfield code="a">Includes bibliographical references and index.</subfield>
  </datafield>
  <datafield tag="650" ind1=" " ind2="4">
   <subfield code="a">Explosionproof electric apparatus and appliances.</subfield>
  </datafield>
  <datafield tag="650" ind1=" " ind2="4">
   <subfield code="a">Electric apparatus and appliances</subfield>
   <subfield code="x">Safety measures.</subfield>
  </datafield>
  <datafield tag="650" ind1=" " ind2="4">
   <subfield code="a">Hazardous substances</subfield>
   <subfield code="x">Safety measures.</subfield>
  </datafield>
  <datafield tag="655" ind1=" " ind2="4">
   <subfield code="a">Electronic books.</subfield>
  </datafield>
  <datafield tag="852" ind1=" " ind2=" ">
   <subfield code="a">INST</subfield>
   <subfield code="b">UNIPILB</subfield>
   <subfield code="c">EBOOKS</subfield>
   <subfield code="e">20140701</subfield>
   <subfield code="p">00b47744</subfield>
   <subfield code="q">00b47744</subfield>
   <subfield code="t">ONLINE</subfield>
   <subfield code="y">0</subfield>
  </datafield>
  <datafield tag="856" ind1="4" ind2="0">
   <subfield code="3">ScienceDirect</subfield>
   <subfield code="u">http://www.sciencedirect.com/science/book/9780750637688</subfield>
  </datafield>
  <datafield tag="856" ind1="4" ind2=" ">
   <subfield code="d">/webopac/covers/03/47744_9780750637688.jpg</subfield>
  </datafield>
  <datafield tag="856" ind1="4" ind2=" ">
   <subfield code="d">/webopac/covers/03/47744_0750637684.jpg</subfield>
  </datafield>
 </record>
</collection>
